Advanced programming in Clipper with C
Na minha lista:
| Main Authors: | , |
|---|---|
| Formato: | Livro |
| Idioma: | inglês |
| Publicado em: |
Reading
Addison-Wesley
1990
|
| Assuntos: | |
| Tags: |
Adicionar Tag
Sem tags, seja o primeiro a adicionar uma tag!
|
MARC
| LEADER | 00000nam a2200000 a 4500 | ||
|---|---|---|---|
| 001 | UCM0711 | ||
| 003 | CL-VaPUC | ||
| 008 | 020308e19900000US |||||||||||||||||eng|d | ||
| 082 | 0 | 4 | |a 005.133 |b STR |2 21 |
| 100 | 0 | |a Straley, Stephen J |e author |9 467650 | |
| 700 | 0 | |a Karasek, David |e author |9 467651 | |
| 245 | 1 | 0 | |a Advanced programming in Clipper with C |
| 300 | |a 849 p | ||
| 942 | |c BK | ||
| 945 | |d 20020308 00:00:00 |a vberengu | ||
| 260 | |a Reading |b Addison-Wesley |c 1990 | ||
| 650 | 7 | |a CLIPPER |2 CL-VaPUC |9 263709 | |
| 650 | 0 | |a Lenguajes de programación |9 259458 | |
| 583 | |a last modification |c 20130419 09:47:14 |k Rodrigo Vera | ||
| 999 | |c 299549 |d 299547 | ||
| 952 | |0 0 |1 0 |4 0 |6 005_133000000000000_STR_1990 |7 0 |8 A |9 356181 |a BIBING |b BIBING |d 2019-11-21 |i 3791580 |o 005.133 STR 1990 |p 3791580 |r 2025-01-20 |w 2019-11-21 |y BK |k EII | ||